Study guide and solutions manual to accompany organic chemistry / (Record no. 12828)
[ view plain ]
| 000 -LEADER | |
|---|---|
| fixed length control field | 00473cam a2200169Ia 4500 |
| 020 ## - INTERNATIONAL STANDARD BOOK NUMBER | |
| ISBN | 0801674913 |
| 040 ## - CATALOGING SOURCE | |
| Transcribing agency | UIB |
| 082 ## - DEWEY DECIMAL CLASSIFICATION NUMBER | |
| Classification number | 547 MOS 1996 A034 Or. |
| 100 1# - MAIN ENTRY--AUTHOR NAME | |
| Personal name | Skonieczny, Stanislaw. |
| 245 10 - TITLE STATEMENT | |
| Title | Study guide and solutions manual to accompany organic chemistry / |
| 246 30 - VARYING FORM OF TITLE | |
| Title proper/short title | Organic chemistry |
| 260 ## - PUBLICATION, DISTRIBUTION, ETC. (IMPRINT) | |
| Place of publication | St. Louis, Mo. : |
| Name of publisher | Mosby, |
| Year of publication | c1996. |
| 300 ## - PHYSICAL DESCRIPTION | |
| Number of Pages | 905 p. ; |
| Other physical details | ill. ; |
| Dimensions | 26 cm. |
| 650 #0 - SUBJECT ADDED ENTRY--TOPICAL TERM | |
| Topical Term | Chemistry, Organic |
| 700 1# - ADDED ENTRY--PERSONAL NAME | |
| Personal name | Schmid, George H. |
| 942 ## - ADDED ENTRY ELEMENTS (KOHA) | |
| Koha item type | សៀវភៅភាសាអង់គ្លេស |
| 952 ## - LOCATION AND ITEM INFORMATION (KOHA) | |
| Withdrawn status [LOCAL, KOHA] | 0 |
| Permanent Location | Date acquired | Koha item type | Lost status | Shelving location | Barcode | Current Location | Full call number |
|---|---|---|---|---|---|---|---|
| Library Block A | 2017-08-17 | សៀវភៅភាសាអង់គ្លេស | A034 | A17533 | Library Block A | 547 MOS 1996 A034 Or. |